000 01589cam a2200145 4500500
005 20260405085535.0
041 _afre
042 _adc
100 1 0 _aRadvanyi, Jean
_eauthor
700 1 0 _aLaruelle, Marlène
_eauthor
245 0 0 _aLa Russie : Entre peurs et défis
260 _bArmand Colin,
_c2016.
520 _aLa Russie fait peur. Un président américain n’hésita pas à parler de l’URSS comme d’un «  empire du mal  » et la crise ukrainienne a remis cette notion au goût du jour à propos, cette fois-ci, de la Russie. On parle du «  pouvoir de nuisance  » du pays alors que d’autres évoquent une «  impuissance génétique  » des Russes à la démocratie. La Russie de l’ère Poutine ne cesse d’inspirer la méfiance, et jamais son image n’a été aussi négative. Or dans le même temps, c’est la Russie elle-même qui a peur. Vingt-cinq ans après la fin de l’URSS, le pays, ses élites, sa société civile sont traversés par toute une série de hantises. Les ébranlements successifs traversés dans les années 1980-1990 ont remis en cause bien des certitudes acquises et, partagé entre des aspirations réformatrices et la crainte d’une société libérale, le pays semble tenté par le repli dans un nouvel isolement. Cet essai vient analyser l’ensemble des facteurs géographiques, historiques, politiques, culturels et géostratégiques qui permettent de comprendre ce qui agite profondément la Russie d’aujourd’hui.
856 4 1 _uhttps://shs.cairn.info/la-russie--9782200612726?lang=fr&redirect-ssocas=7080
999 _c2198361
_d2198361